Statistiques concernant Paroles - France Gall- Diego libre dans sa tête

Cliquez ici pour prendre le quiz!

Statistiques générales

  • Ce quiz a été pris 378 fois
  • Le résultat moyen est 61 sur 69

Statistiques - réponses

Réponse% Correct
dans
99%
dans
99%
diego
99%
diego
99%
libre
99%
libre
99%
sa
99%
sa
99%
sa
99%
sa
99%
tête
99%
tête
99%
derrière
97%
derrière
97%
derrière
97%
fenêtre
96%
fenêtre
96%
la
96%
la
96%
ce
94%
des
94%
des
94%
du
94%
est
94%
fort
94%
fort
94%
peut-être
94%
peut-être
94%
quel
94%
plus
93%
loi
92%
92%
barreaux
91%
pays
91%
qui
91%
qui
91%
qui
91%
il
87%
mort
87%
nuit
87%
pour
87%
si
86%
déjà
85%
et
85%
et
85%
quelques
84%
mots
83%
qu'il
82%
s'endort
82%
à
81%
pensait
80%
fait
79%
ma
77%
dehors
76%
moi
76%
chaud
75%
d'oiseaux
75%
je
75%
lui
75%
milliers
75%
sans
74%
vie
74%
chante
73%
pense
73%
s'envolent
73%
frappe
72%
rit
72%
effort
69%
danse
67%

Distribution des résultats

Percentile par nombre de réponses

% des personnes avec chaque résultat

Votre développement - résultats

Vous n’avez pas pris ce quiz